Análisis del sistema de información de los centros de educación y nutrición en servicios suministrados

Spremljeno u:
Bibliografski detalji
Glavni autor: Vargas Loría, Jaime
Format: Knjiga
Izdano: [San José , Costa Rica] 1979
Oznake: Dodaj oznaku
Bez oznaka, Budi prvi tko označuje ovaj zapis!

MARC

LEADER 00000nam a2200000Ia 4500
003 007120
005 20221231144414.0
008 140114s1979 c a m 000 ||s d
040 |c cru CEDI 
090 |a TFG 1440 
100 |a Vargas Loría, Jaime  |9 12980 
245 |a Análisis del sistema de información de los centros de educación y nutrición en servicios suministrados 
260 |c 1979  |a [San José , Costa Rica] 
300 |a iii, 195 hojas : ilustraciones  
500 |a Proyecto de graduación (bachiller en ingeniería industrial)--Universidad de Costa Rica. Facultad de Ingeniería. Escuela de Ingeniería Industrial 
942 |c TFG 
999 |c 21389  |d 21389